[Event "Team men HL chess 2018"]
[Site "Sochi"]
[Date "2018.05.08"]
[Round "7.1"]
[White "Kozionov, Kirill"]
[Black "Pavlov, Oleg"]
[Result "1-0"]
[WhiteElo "2452"]
[BlackElo "2145"]
[PlyCount "109"]
[EventDate "2018.05.01"]

1. e4 e6 2. d3 d5 3. Nd2 c5 4. Ngf3 Nc6 5. g3 Nf6 6. Bg2 g6 7. O-O Bg7 8. c3
O-O 9. e5 Nd7 10. d4 a5 11. Re1 cxd4 12. cxd4 f6 13. exf6 Qxf6 14. Qe2 Nxd4 15.
Nxd4 Qxd4 16. Qxe6+ Kh8 17. Nf3 Qb4 18. Qxd5 Nf6 19. Qb3 Bf5 20. Qxb4 axb4 21.
Bd2 b3 22. axb3 Rxa1 23. Rxa1 Ne4 24. Bb4 Rc8 25. Re1 g5 26. Nd2 Nxd2 27. Bxd2
h6 28. Bxb7 Rc2 29. Bc3 Bxc3 30. bxc3 Rxc3 31. Bd5 Kg7 32. Re3 Rc1+ 33. Kg2 Rb1
34. Bc4 Rb2 35. Re2 Rb1 36. Re7+ Kg6 37. g4 Bxg4 38. Bd3+ Kf6 39. Bxb1 Kxe7 40.
f3 Bd7 41. Kf2 Kd6 42. b4 Kd5 43. Bd3 Kd4 44. Ke2 h5 45. Bg6 h4 46. Bh5 Bb5+
47. Kf2 Bc6 48. Bg4 Bb5 49. Bh3 Kc3 50. Ke3 Kxb4 51. Kd4 Ba4 52. Bg4 Bc6 53.
Ke5 Kc4 54. Kf6 Kd4 55. Kxg5 1-0

[Event "Team men HL chess 2018"]
[Site "Sochi"]
[Date "2018.05.08"]
[Round "7.2"]
[White "Poliakov, Artem"]
[Black "Golubev, Roman"]
[Result "1-0"]
[WhiteElo "2105"]
[BlackElo "2391"]
[PlyCount "49"]
[EventDate "2018.05.01"]

1. c4 Nf6 2. Nc3 g6 3. g3 d5 4. cxd5 Nxd5 5. Bg2 Nb6 6. d3 Bg7 7. Be3 h6 8. Qd2
Nc6 9. Bxc6+ bxc6 10. Rc1 Be6 11. Nf3 Qd7 12. O-O Bg4 13. Ne4 Bxf3 14. exf3 Nd5
15. Rc4 Rd8 16. Rd1 Nb6 17. Rc2 f5 18. Nc5 Qd5 19. b3 Kf7 20. Qe2 e5 21. Na6
Qd6 22. Rdc1 Qxd3 23. Qxd3 Rxd3 24. Kg2 Rhd8 25. Rxc6 {çàïèñü íåðàçáîð~~èâà}
1-0

[Event "Team men HL chess 2018"]
[Site "Sochi"]
[Date "2018.05.08"]
[Round "7.3"]
[White "Kuzub, Pavel"]
[Black "Mutovin, Egor"]
[Result "0-1"]
[WhiteElo "2033"]
[BlackElo "1929"]
[PlyCount "122"]
[EventDate "2018.05.01"]

1. Nf3 d5 2. g3 Nf6 3. Bg2 c5 4. O-O Nc6 5. d4 e6 6. b3 Be7 7. Bb2 O-O 8. Re1
Ne4 9. e3 b6 10. Ne5 Bb7 11. Nd2 f5 12. Nxe4 fxe4 13. Nxc6 Bxc6 14. Qg4 Rf5 15.
dxc5 Bf6 16. c3 bxc5 17. Qe2 Be5 18. f4 exf3 19. Bxf3 Qf6 20. Rf1 Bxc3 21. Bxc3
Qxc3 22. Rac1 Qb4 23. Qc2 Bb5 24. Qxf5 exf5 25. Bxd5+ Kh8 26. Bxa8 Bxf1 27.
Rxf1 g6 28. Rf2 Qe1+ 29. Kg2 Qxe3 30. Bf3 Qd4 31. Be2 Qe4+ 32. Bf3 Qd4 33. Be2
a5 34. Bc4 a4 35. Rf4 Qb2+ 36. Rf2 Qc3 37. Rf3 Qc2+ 38. Rf2 Qe4+ 39. Kg1 a3 40.
Re2 Qd4+ 41. Kg2 Qd7 42. Kf2 Kg7 43. Kg2 Kf6 44. Kf2 g5 45. Kf3 Qc6+ 46. Kf2 h6
47. Re1 h5 48. Be2 h4 49. gxh4 g4 50. Bc4 Qf3+ 51. Kg1 f4 52. Re2 Kg6 53. Re6+
Kh5 54. Bf1 Kxh4 55. Re5 Qc3 56. Re4 Qd2 57. Re2 Qd4+ 58. Kh1 f3 59. Rc2 Qd1
60. Rf2 Qe1 61. Kg1 Qe3 0-1

[Event "Team men HL chess 2018"]
[Site "Sochi"]
[Date "2018.05.08"]
[Round "7.4"]
[White "Zhukov, Ivan"]
[Black "Alieva, Alexandra"]
[Result "0-1"]
[WhiteElo "2097"]
[BlackElo "2089"]
[PlyCount "76"]
[EventDate "2018.05.01"]

1. e4 e5 2. Nf3 Nc6 3. Bc4 Bc5 4. c3 Nf6 5. d3 a6 6. O-O O-O 7. a4 d6 8. Bb3
Ba7 9. Nbd2 Ne7 10. Nc4 Ng6 11. Bc2 Re8 12. Re1 Ng4 13. Ne3 Nxe3 14. fxe3 d5
15. exd5 Qxd5 16. Kh1 e4 17. Nd4 c5 18. dxe4 Qg5 19. Nf5 Bb8 20. Qe2 Ne5 21. h4
Qf6 22. g3 Qc6 23. Rf1 Bxf5 24. Rxf5 g6 25. Rf4 h5 26. a5 Rd8 27. b3 Qe6 28.
Kg2 Ng4 29. Ba3 Be5 30. Bb2 Rd7 31. Kf3 Rad8 32. Rd1 Rxd1 33. Bxd1 Qd7 34. Bc2
Qd2 35. b4 cxb4 36. Bb3 bxc3 37. Rxf7 Qxe2+ 38. Kxe2 Rd2+ 0-1

[Event "Team men HL chess 2018"]
[Site "Sochi"]
[Date "2018.05.09"]
[Round "8.1"]
[White "Kezin, Roman"]
[Black "Goryachkina, Aleksandra"]
[Result "1-0"]
[WhiteElo "2445"]
[BlackElo "2496"]
[PlyCount "73"]
[EventDate "2018.05.01"]

1. d4 e6 2. c4 Nf6 3. g3 d5 4. Bg2 Bb4+ 5. Bd2 Be7 6. Nf3 O-O 7. O-O c6 8. Qc2
b6 9. Rd1 Bb7 10. b3 Nbd7 11. Nc3 Ba6 12. Bf4 b5 13. c5 b4 14. Na4 Bb5 15. a3
a5 16. Ne5 Nxe5 17. Bxe5 Nd7 18. Bf4 g5 19. Bd6 Bxd6 20. cxd6 Qb8 21. Qd2 Bxa4
22. Qxg5+ Kh8 23. bxa4 Qxd6 24. axb4 axb4 25. e4 b3 26. exd5 cxd5 27. Bf1 Rfb8
28. Bb5 Nb6 29. Qf6+ Kg8 30. Qg5+ Kf8 31. Rab1 Qb4 32. Rd3 b2 33. Qh6+ Kg8 34.
Rf3 Ra7 35. Qg5+ Kf8 36. Qh6+ Ke7 37. Qf6+ 1-0

[Event "Team men HL chess 2018"]
[Site "Sochi"]
[Date "2018.05.09"]
[Round "8.2"]
[White "Potapov, Pavel"]
[Black "Bublei, Pavel"]
[Result "0-1"]
[WhiteElo "2492"]
[BlackElo "2387"]
[PlyCount "154"]
[EventDate "2018.05.01"]

1. e4 c6 2. d4 d5 3. e5 c5 4. dxc5 Nc6 5. Bb5 e6 6. Be3 Nge7 7. c3 Nf5 8. Bd4
Bd7 9. Bxc6 Bxc6 10. Ne2 Nxd4 11. Qxd4 Bb5 12. Nd2 Qc7 13. b4 b6 14. cxb6 axb6
15. Qe3 Ra3 16. Nb1 Ra8 17. O-O Be7 18. Rd1 O-O 19. Nd4 Bd7 20. a3 f6 21. f4
fxe5 22. fxe5 h6 23. Nf3 Rac8 24. Ra2 Qc4 25. Rf2 Qa6 26. h3 Rf7 27. Rd4 Qa4
28. Qd3 Rf5 29. Qd1 Qa8 30. Rg4 Rcf8 31. Rd4 Bg5 32. Re2 Rxf3 33. gxf3 Rxf3 34.
Rf2 Rxh3 35. Kg2 Re3 36. Re2 Qf8 37. Rf2 Qe8 38. Re2 Qg6 39. Rxe3 Bxe3+ 40. Rg4
Qf5 41. Qf3 Qxe5 42. Qg3 Qxg3+ 43. Rxg3 Bf4 44. Rd3 Bb5 45. Rd1 Kf7 46. Nd2 e5
47. Nf3 Ke6 48. Re1 Kd6 49. Rh1 Bd7 50. Kf2 b5 51. Rh4 Bc1 52. Rh1 Bf4 53. Rh4
Be8 54. Rh1 Ke6 55. Ke2 Kf5 56. Kf2 Bc6 57. Rh5+ Kf6 58. Rh1 g6 59. Ke2 h5 60.
Kf2 Be8 61. Rd1 Ke6 62. Rg1 Kd6 63. Ke2 e4 64. Nd4 h4 65. Rb1 Bd7 66. Kf2 Bd2
67. Ne2 g5 68. Rd1 e3+ 69. Kf3 Ke5 70. Rg1 g4+ 71. Kg2 Bf5 72. Kf1 g3 73. Kg2
Bd3 74. Nd4 Bxc3 75. Nf3+ Kf4 76. Nxh4 e2 77. Kh3 Be4 0-1

[Event "Team men HL chess 2018"]
[Site "Sochi"]
[Date "2018.05.09"]
[Round "8.3"]
[White "Antonenko, Vladimir"]
[Black "Belyakov, Bogdan"]
[Result "1/2-1/2"]
[WhiteElo "2343"]
[BlackElo "2479"]
[PlyCount "103"]
[EventDate "2018.05.01"]

1. d4 Nf6 2. c4 g6 3. Nc3 Bg7 4. e4 d6 5. Nf3 O-O 6. Be2 e5 7. O-O Nc6 8. d5
Ne7 9. Ne1 Nd7 10. Be3 f5 11. f3 f4 12. Bf2 g5 13. a4 a5 14. Nd3 b6 15. Be1 h5
16. Nb5 Nf6 17. b4 Kh8 18. c5 Neg8 19. Nb2 bxc5 20. bxc5 Ne8 21. Nc4 Nh6 22.
Bxa5 g4 23. cxd6 g3 24. Qc2 Qh4 25. h3 Nf7 26. Bxc7 Ng5 27. Bd3 Rg8 28. d7 Bxd7
29. Nxe5 Bxe5 30. Bxe5+ Kh7 31. Qd2 Rf8 32. Nd4 Bxh3 33. gxh3 g2 34. Kxg2 Nxh3
35. Rh1 Qg5+ 36. Kf1 Qxe5 37. Be2 Ng5 38. Rxh5+ Kg6 39. Rh1 Nf6 40. Ra2 Nh5 41.
Nf5 Ng3+ 42. Nxg3 fxg3 43. Kg2 Rab8 44. Rc2 Rh8 45. Rcc1 Nh3 46. Rxh3 Rxh3 47.
Kxh3 Rh8+ 48. Kg2 Rh2+ 49. Kg1 Rh1+ 50. Kg2 Rh2+ 51. Kg1 Rh1+ 52. Kg2 1/2-1/2

[Event "Team men HL chess 2018"]
[Site "Sochi"]
[Date "2018.05.09"]
[Round "8.4"]
[White "Savitskiy, Sergey"]
[Black "Kamrukov, Alexey"]
[Result "1-0"]
[WhiteElo "2416"]
[BlackElo "2296"]
[PlyCount "71"]
[EventDate "2018.05.01"]

1. e4 c5 2. Nf3 Nc6 3. d4 cxd4 4. Nxd4 e6 5. Nc3 Qc7 6. g3 a6 7. Bg2 Nf6 8. O-O
Be7 9. Re1 Nxd4 10. e5 Nc6 11. exf6 gxf6 12. Qg4 Ne5 13. Qg7 Ng6 14. h4 Qd8 15.
Nd5 Rf8 16. Nxe7 Kxe7 17. h5 Rg8 18. Qh6 Nf8 19. Bd2 d6 20. Bb4 a5 21. Ba3 Ra6
22. c4 Nd7 23. Rad1 Qc7 24. Qxh7 Rg5 25. b3 a4 26. Bc1 Re5 27. Rxe5 Nxe5 28.
Bb2 Bd7 29. Qg7 a3 30. Bxe5 dxe5 31. h6 Ra8 32. h7 Qc8 33. Qh6 Qh8 34. Bxb7 Rb8
35. Be4 Rc8 36. Qd2 1-0

[Event "Team men HL chess 2018"]
[Site "Sochi"]
[Date "2018.05.09"]
[Round "8.1"]
[White "Levin, Evgeny A"]
[Black "Panarin, Mikhail"]
[Result "1/2-1/2"]
[WhiteElo "2528"]
[BlackElo "2551"]
[PlyCount "44"]
[EventDate "2018.05.01"]

1. d4 Nf6 2. c4 e6 3. Nf3 d5 4. Nc3 dxc4 5. e4 Bb4 6. Bxc4 Nxe4 7. O-O Nxc3 8.
bxc3 Bd6 9. Ng5 h6 10. Ne4 O-O 11. Qh5 f5 12. Nxd6 cxd6 13. Bxh6 gxh6 14. Qg6+
Kh8 15. Qxh6+ Kg8 16. Qg6+ Kh8 17. Qh6+ Kg8 18. Bxe6+ Bxe6 19. Qxe6+ Kh8 20.
Qh6+ Kg8 21. Qg6+ Kh8 22. Qh6+ Kg8 1/2-1/2

[Event "Team men HL chess 2018"]
[Site "Sochi"]
[Date "2018.05.09"]
[Round "8.2"]
[White "Zakaryan, David"]
[Black "Duzhakov, Ilya"]
[Result "1/2-1/2"]
[WhiteElo "2398"]
[BlackElo "2415"]
[PlyCount "136"]
[EventDate "2018.05.01"]

1. d4 Nf6 2. c4 e6 3. Nf3 d5 4. Nc3 Be7 5. Bf4 O-O 6. Rc1 a6 7. cxd5 exd5 8. e3
b6 9. Ne5 Bb7 10. g4 Nbd7 11. Bg2 Nxe5 12. Bxe5 Rc8 13. Bxf6 Bxf6 14. Qb3 c5
15. dxc5 Rxc5 16. O-O Rc4 17. h3 b5 18. Rfd1 Qc8 19. Ne2 Rd8 20. Qa3 g6 21. b3
Rc2 22. Qb4 Rd7 23. Rxc2 Qxc2 24. Qd2 Rc7 25. Kf1 Rc5 26. Ke1 Bh4 27. Nf4 Bf6
28. Ke2 Bh4 29. Nd3 Rc7 30. Nf4 a5 31. Bxd5 Ba6 32. Kf3 Qxd2 33. Rxd2 b4 34.
Be4 Rc1 35. Rd6 Rf1 36. Rd2 Ra1 37. Bd3 Bb7+ 38. Be4 Ba6 39. Ng2 Be7 40. Rd7
Kf8 41. Ra7 Bf1 42. Rxa5 Bxg2+ 43. Kxg2 Rd1 44. Bd5 Bh4 45. f4 Rd2+ 46. Kf3 f5
47. gxf5 gxf5 48. e4 Rd3+ 49. Ke2 fxe4 50. Bxe4 Rxh3 51. Rh5 Rh2+ 52. Kf3 Rf2+
53. Ke3 Rh2 54. Kd3 Bg3 55. Rxh2 Bxh2 56. Kc4 Bxf4 57. Kxb4 Ke7 58. Kb5 Kd6 59.
b4 Bd2 60. a3 Bc1 61. a4 Bd2 62. Bxh7 Be1 63. Be4 Bd2 64. a5 Kc7 65. Ka4 Be1
66. b5 Bf2 67. b6+ Bxb6 68. axb6+ Kxb6 1/2-1/2

[Event "Team men HL chess 2018"]
[Site "Sochi"]
[Date "2018.05.09"]
[Round "8.3"]
[White "Schekachikhin, Maksim"]
[Black "Oganian, Miran"]
[Result "1/2-1/2"]
[WhiteElo "2400"]
[BlackElo "2422"]
[PlyCount "97"]
[EventDate "2018.05.01"]

1. d4 Nf6 2. c4 c5 3. d5 e6 4. Nc3 exd5 5. cxd5 d6 6. Nf3 g6 7. Nd2 Bg7 8. e4
O-O 9. Be2 Re8 10. O-O Nbd7 11. a4 Ne5 12. Re1 g5 13. Nf1 h6 14. Ng3 Ng6 15.
Bd2 Nh4 16. Qc2 Ng4 17. Nd1 Bd4 18. Bc3 Qf6 19. Bxg4 Bxg4 20. Ne3 Bd7 21. Rad1
Rac8 22. a5 b5 23. axb6 axb6 24. Qd2 Bxc3 25. Qxc3 Qxc3 26. bxc3 b5 27. Nh5 Kf8
28. Nf6 Re7 29. e5 Be8 30. exd6 Rb7 31. Neg4 Nf5 32. Nxe8 Rxe8 33. Rxe8+ Kxe8
34. Nf6+ Kd8 35. d7 Rb6 36. Ne4 Kxd7 37. Nxc5+ Kd6 38. Nb3 Ra6 39. g4 Nh4 40.
Nd4 Kxd5 41. Nxb5+ Kc4 42. Rb1 Kd3 43. h3 f5 44. gxf5 Nxf5 45. Rb4 Ra1+ 46. Kh2
Ra2 47. Kg1 Ra1+ 48. Kh2 Ra2 49. Kg1 1/2-1/2

[Event "Team men HL chess 2018"]
[Site "Sochi"]
[Date "2018.05.09"]
[Round "8.1"]
[White "Utnasunov, Alexander"]
[Black "Rozum, Ivan"]
[Result "0-1"]
[WhiteElo "2446"]
[BlackElo "2581"]
[PlyCount "62"]
[EventDate "2018.05.01"]

1. d4 Nf6 2. c4 e6 3. Nc3 Bb4 4. f3 d5 5. a3 Be7 6. cxd5 exd5 7. e4 dxe4 8.
fxe4 c5 9. e5 Nfd7 10. Nf3 cxd4 11. Qxd4 Nc6 12. Qf4 O-O 13. Be2 Re8 14. e6
fxe6 15. O-O Nf6 16. Bc4 a6 17. Rd1 Qa5 18. Be3 Rf8 19. b4 Qh5 20. Qg3 Kh8 21.
h3 e5 22. Ng5 h6 23. Nge4 Nxe4 24. Nxe4 Bh4 25. Qh2 Qg6 26. Bc5 Qxe4 27. Bd5
Qf4 28. g3 Bxg3 29. Qg2 Re8 30. Rd3 Bh4 31. Be3 Qg3 0-1

[Event "Team men HL chess 2018"]
[Site "Sochi"]
[Date "2018.05.09"]
[Round "8.2"]
[White "Lintchevski, Daniil"]
[Black "Tekeyev, Zaur"]
[Result "0-1"]
[WhiteElo "2544"]
[BlackElo "2378"]
[PlyCount "128"]
[EventDate "2018.05.01"]

1. e4 c5 2. Nf3 Nc6 3. d4 cxd4 4. Nxd4 e5 5. Nb5 d6 6. N1c3 a6 7. Na3 Be7 8.
Nc4 b5 9. Ne3 Nf6 10. Bd3 O-O 11. O-O Rb8 12. a3 Nd4 13. Ncd5 Ne6 14. c3 Nxd5
15. Nxd5 Bg5 16. Bc2 Bb7 17. g3 Bxc1 18. Rxc1 g6 19. Qd2 Bxd5 20. Qxd5 Qc7 21.
Qd2 Kg7 22. Rcd1 Rb6 23. h4 a5 24. Bb3 b4 25. cxb4 Nd4 26. Qe3 axb4 27. Rxd4
exd4 28. Qxd4+ f6 29. a4 Rc8 30. h5 gxh5 31. Qd5 Qe7 32. Qxh5 Kh8 33. Bd5 b3
34. Kg2 Rb4 35. Ra1 Rd4 36. Qf3 Rd2 37. Qxb3 Qa7 38. Qf3 Qd4 39. Rh1 Rc7 40. b4
Qb2 41. Rf1 Qe5 42. Qg4 Qg5 43. Qe6 h5 44. Qxd6 Rg7 45. b5 h4 46. b6 Qe3 47.
Qf8+ Kh7 48. Bg8+ Rxg8 49. Qf7+ Rg7 50. Qh5+ Qh6 51. Qf5+ Qg6 52. Rh1 Qxf5 53.
Rxh4+ Kg8 54. exf5 Rd5 55. Rb4 Rb7 56. Kf3 Rxf5+ 57. Ke4 Ra5 58. Kd4 Kf7 59.
Kc4 Ke6 60. Rb3 Kd6 61. Rf3 Rc5+ 62. Kd4 f5 63. Rb3 Ra5 64. Kc4 Kc6 0-1

[Event "Team men HL chess 2018"]
[Site "Sochi"]
[Date "2018.05.09"]
[Round "8.3"]
[White "Rozhko, Dmitry"]
[Black "Moiseenko, Vadim"]
[Result "1/2-1/2"]
[WhiteElo "2305"]
[BlackElo "2522"]
[PlyCount "115"]
[EventDate "2018.05.01"]

1. e4 c5 2. c3 Nf6 3. e5 Nd5 4. Nf3 Nc6 5. Bc4 Nb6 6. Bb3 c4 7. Bc2 d5 8. exd6
Qxd6 9. O-O Bg4 10. Qe2 Qe6 11. Qxe6 Bxe6 12. b3 Bd5 13. Na3 O-O-O 14. Nxc4
Nxc4 15. bxc4 Bxc4 16. Re1 h6 17. d4 e6 18. a4 b6 19. Bf4 Bd6 20. Bxd6 Rxd6 21.
Ne5 Nxe5 22. Rxe5 Kd7 23. f4 g6 24. Kf2 Bd5 25. Bd3 Rc8 26. Re3 Ke7 27. Ra3 f5
28. h4 Kf6 29. Be2 g5 30. hxg5+ hxg5 31. fxg5+ Kxg5 32. Rg3+ Kf6 33. Rh3 Rdc6
34. Ba6 Rg8 35. g3 Rc7 36. Be2 Kg5 37. Rh5+ Kg6 38. Rh3 Rf8 39. Ke3 Rfc8 40.
Kd2 Kf6 41. Rh6+ Ke7 42. Rh7+ Kd6 43. Rxc7 Rxc7 44. a5 Rh7 45. c4 Bc6 46. axb6
axb6 47. Ra6 Rg7 48. Rxb6 Rxg3 49. Ke1 f4 50. Kf2 Kc7 51. Ra6 Rh3 52. d5 exd5
53. cxd5 Bxd5 54. Rf6 Rh2+ 55. Ke1 Rh4 56. Rf5 Kc6 57. Rh5 Rxh5 58. Bxh5
1/2-1/2

[Event "Team men HL chess 2018"]
[Site "Sochi"]
[Date "2018.05.09"]
[Round "8.4"]
[White "Smirnov, Artem"]
[Black "Nuristani, Iman"]
[Result "1-0"]
[WhiteElo "2400"]
[BlackElo "2132"]
[PlyCount "85"]
[EventDate "2018.05.01"]

1. d4 e6 2. c4 Nf6 3. Nf3 Bb4+ 4. Nbd2 b6 5. a3 Bxd2+ 6. Bxd2 Bb7 7. Bg5 d6 8.
e3 Nbd7 9. Bh4 Qe7 10. Nd2 e5 11. d5 a5 12. e4 a4 13. Bd3 Nc5 14. Bc2 h6 15. f3
Bc8 16. Nb1 Bd7 17. Nc3 O-O 18. O-O g5 19. Bf2 Qe8 20. Be3 Nh7 21. g4 h5 22.
gxh5 f5 23. exf5 Qxh5 24. Ne2 Qh4 25. Ng3 Qxc4 26. Be4 Rf7 27. Rc1 Qb5 28. Rf2
Raf8 29. Rc3 Kh8 30. h3 Rg8 31. Kh2 Nf6 32. Qc1 c6 33. dxc6 Bxc6 34. Bxc6 Qxc6
35. Bxg5 d5 36. f4 d4 37. fxe5 Nfe4 38. Nxe4 Qxe4 39. Rg3 Rxf5 40. Rxf5 Qxf5
41. Bf6+ Kh7 42. Rxg8 Kxg8 43. Qg1+ 1-0

[Event "Team men HL chess 2018"]
[Site "Sochi"]
[Date "2018.05.09"]
[Round "8.1"]
[White "Sychev, Klementy"]
[Black "Rychagov, Andrey"]
[Result "1/2-1/2"]
[WhiteElo "2550"]
[BlackElo "2534"]
[PlyCount "80"]
[EventDate "2018.05.01"]

1. e4 e6 2. d4 d5 3. Nd2 c5 4. exd5 exd5 5. Ngf3 Nc6 6. Bb5 Bd6 7. O-O Nge7 8.
dxc5 Bxc5 9. Nb3 Bd6 10. Re1 O-O 11. Bd3 h6 12. h3 Bf5 13. Bxf5 Nxf5 14. Qd3
Qd7 15. Bd2 Rfe8 16. Bc3 Rad8 17. a3 Rxe1+ 18. Rxe1 Nfe7 19. Nbd4 Ng6 20. Qf5
Qxf5 21. Nxf5 Bf8 22. g3 Nge7 23. N5d4 Nxd4 24. Nxd4 Nc6 25. Rd1 g6 26. a4 Bg7
27. Kf1 Rc8 28. Nxc6 Rxc6 29. Bxg7 Kxg7 30. Rxd5 Rxc2 31. Rb5 b6 32. a5 bxa5
33. Rxa5 Rxb2 34. Rxa7 h5 35. h4 Rc2 36. Kg2 Kf6 37. Ra6+ Kg7 38. Ra7 Kf6 39.
Ra6+ Ke7 40. Ra7+ Kf6 1/2-1/2

[Event "Team men HL chess 2018"]
[Site "Sochi"]
[Date "2018.05.09"]
[Round "8.2"]
[White "Novikov, Stanislav"]
[Black "Demidov, Mikhail"]
[Result "1-0"]
[WhiteElo "2540"]
[BlackElo "2511"]
[PlyCount "179"]
[EventDate "2018.05.01"]

1. e4 e6 2. Qe2 c5 3. Nf3 Nc6 4. g3 g6 5. Bg2 Bg7 6. O-O d6 7. c3 Nge7 8. d4
cxd4 9. cxd4 O-O 10. Rd1 Qb6 11. Nc3 d5 12. e5 Nf5 13. Be3 Bd7 14. Na4 Qc7 15.
Rac1 Rac8 16. Nc5 b6 17. Nxd7 Qxd7 18. Bf4 Rc7 19. g4 Nfe7 20. Qd2 Rfc8 21. Bf1
Nb8 22. Bd3 Rxc1 23. Rxc1 Rxc1+ 24. Qxc1 Qc6 25. Qd1 Qc8 26. h4 Nbc6 27. Qd2 f6
28. exf6 Bxf6 29. Qe3 e5 30. dxe5 Qxg4+ 31. Bg3 Bg7 32. Kg2 Nf5 33. Qf4 Qxf4
34. Bxf4 Nfd4 35. Nxd4 Nxd4 36. h5 Kf7 37. hxg6+ hxg6 38. Bh2 g5 39. Ba6 Nc6
40. Bb7 Ne7 41. Kf3 Ke6 42. Kg4 Bxe5 43. Bxe5 Kxe5 44. Kxg5 Ng8 45. f4+ Ke6 46.
Bc8+ Kd6 47. Bg4 a5 48. a4 Ke7 49. Bc8 Kd6 50. Bh3 Ke7 51. Kf5 Kd6 52. Bf1 Ne7+
53. Kg5 Ng8 54. b3 Ke6 55. Bh3+ Kd6 56. Bf5 Ke7 57. Bc8 Kd6 58. Bh3 Ke7 59. Kf5
Kd6 60. Bf1 Ne7+ 61. Kf6 d4 62. Bc4 Nd5+ 63. Kf5 Nc3 64. Bd3 Kd5 65. Bf1 Nd1
66. Bc4+ Kc5 67. Ke4 Ne3 68. Bd3 Ng4 69. Be2 Nf6+ 70. Ke5 Nd7+ 71. Ke6 Nf8+ 72.
Kf7 Nd7 73. Ke7 Nb8 74. f5 Nc6+ 75. Ke6 Nd8+ 76. Kd7 Nf7 77. f6 Kb4 78. Bc4
Ne5+ 79. Ke6 Ng6 80. Bd3 Nh8 81. Bc4 Ng6 82. Kd5 Kc3 83. Kc6 Ne5+ 84. Kxb6 Nd7+
85. Kxa5 Nxf6 86. Kb5 Ne4 87. Bd5 Nf6 88. Bf3 Kxb3 89. a5 Ne8 90. Kc6 1-0

[Event "Team men HL chess 2018"]
[Site "Sochi"]
[Date "2018.05.09"]
[Round "8.3"]
[White "Nikolenko, Oleg"]
[Black "Obolentseva, Alexandra"]
[Result "0-1"]
[WhiteElo "2480"]
[BlackElo "2316"]
[PlyCount "64"]
[EventDate "2018.05.01"]

1. e4 c5 2. Ne2 d6 3. g3 g6 4. Bg2 Bg7 5. c3 Nf6 6. d4 cxd4 7. cxd4 O-O 8. Nbc3
e5 9. O-O a6 10. h3 b5 11. Bg5 h6 12. Be3 Bb7 13. Qd2 Kh7 14. Rad1 Nbd7 15. f4
b4 16. Na4 exd4 17. Bxd4 Qa5 18. b3 Bxe4 19. g4 Bxg2 20. Kxg2 Rfe8 21. Ng3 Qb5
22. Qb2 Re7 23. Rf2 Qd5+ 24. Kh2 Ne4 25. Nxe4 Rxe4 26. Rfd2 Bxd4 27. Rxd4 Qe6
28. R1d2 Re1 29. Rxb4 Rc8 30. Qd4 Rcc1 31. Rc4 Rh1+ 32. Kg2 Rcg1+ 0-1

[Event "Team men HL chess 2018"]
[Site "Sochi"]
[Date "2018.05.09"]
[Round "8.4"]
[White "Yeritsyan, Aram"]
[Black "Saulin, Dmitri"]
[Result "1/2-1/2"]
[WhiteElo "2332"]
[BlackElo "2376"]
[PlyCount "166"]
[EventDate "2018.05.01"]

1. e4 d5 2. exd5 Nf6 3. d4 Nxd5 4. c4 Nb6 5. Nf3 Bg4 6. Be2 e6 7. O-O Be7 8.
Nc3 O-O 9. Be3 Nc6 10. b3 Qc8 11. h3 Bf5 12. a4 Rd8 13. a5 Nd7 14. Qc1 Nb4 15.
Ra4 c5 16. dxc5 Nd3 17. Bxd3 Bxd3 18. c6 Nc5 19. Bxc5 Bxc5 20. Rd1 bxc6 21. Ne5
Bf5 22. Rxd8+ Qxd8 23. b4 Qd4 24. Qe1 Bd6 25. Nxc6 Qf4 26. g3 Qxc4 27. b5 Qc5
28. g4 Bc2 29. Rd4 Bf8 30. Qd2 Bg6 31. Rd8 Rxd8 32. Qxd8 h5 33. Qd4 Qa3 34. Kg2
Bc5 35. Qd8+ Kh7 36. gxh5 Bf5 37. Qd2 Qa1 38. a6 Bb6 39. Nd4 Ba5 40. Nxf5 exf5
41. Qd7 Qxc3 42. Qxa7 Qf6 43. Qb7 Bb6 44. a7 Qd4 45. Qxb6 Qxb6 46. a8=Q Qxb5
47. Qd8 Qc6+ 48. Kg3 Qh1 49. Qe7 f4+ 50. Kh4 Qg2 51. Qc5 Kh6 52. Qd6+ Kh7 53.
Qxf4 Kg8 54. Qg3 Qe4+ 55. Qg4 Qe5 56. Qc8+ Kh7 57. Qc2+ Kg8 58. Qc4 Qf5 59. Qd4
Qf3 60. Qe3 Qf6+ 61. Kg4 Qc6 62. f3 Qd7+ 63. Kg3 Qd6+ 64. Kg4 Qd7+ 65. Kg3 Qd6+
66. f4 Qc6 67. Qe5 Qd7 68. Qe4 Qb5 69. Kh4 Qd7 70. Qe5 Qc6 71. Kg3 Qd7 72. Qe4
Qb5 73. Qe5 Qd3+ 74. Kh4 Qd8+ 75. Qg5 Qd4 76. Qg3 Qf6+ 77. Kg4 Qe6+ 78. f5 Qe4+
79. Qf4 Qe2+ 80. Qf3 Qe5 81. Qf4 Qe2+ 82. Qf3 Qe5 83. Qf4 Qe2+ 1/2-1/2

[Event "Team men HL chess 2018"]
[Site "Sochi"]
[Date "2018.05.09"]
[Round "8.1"]
[White "Dulenko, Maxim"]
[Black "Gluhovsky, Mark"]
[Result "0-1"]
[WhiteElo "2143"]
[BlackElo "2312"]
[PlyCount "82"]
[EventDate "2018.05.01"]

1. e4 c5 2. Nf3 Nc6 3. c3 e6 4. d4 d5 5. exd5 exd5 6. Be3 cxd4 7. Nxd4 Nf6 8.
h3 Bd6 9. Nd2 O-O 10. Be2 Re8 11. O-O h6 12. Re1 Bc7 13. Qa4 Qd6 14. N2f3 a6
15. Nb5 axb5 16. Qxa8 Bxh3 17. Qa3 Qd7 18. Nd4 Ng4 19. gxh3 Nxe3 20. Bg4 Nxg4
21. Rxe8+ Qxe8 22. hxg4 b4 23. Qa4 Qe5 24. Qd1 Qh2+ 25. Kf1 Qh3+ 26. Ke2 Qxg4+
27. Kf1 Qh3+ 28. Ke2 bxc3 29. bxc3 Ne5 30. Rc1 Ng6 31. Qf1 Qh5+ 32. f3 Qh2+ 33.
Kd1 Qxa2 34. Qb5 Bf4 35. Rc2 Qa1+ 36. Ke2 Qg1 37. Qxd5 Ne5 38. Qe4 Qg2+ 39. Kd1
Qf1+ 40. Qe1 Qd3+ 41. Rd2 Qxc3 0-1

[Event "Team men HL chess 2018"]
[Site "Sochi"]
[Date "2018.05.09"]
[Round "8.2"]
[White "Barskij, Vladimir"]
[Black "Bogachkova, Alena"]
[Result "1/2-1/2"]
[WhiteElo "2386"]
[BlackElo "2110"]
[PlyCount "137"]
[EventDate "2018.05.01"]

1. e4 c5 2. Nf3 Nc6 3. Bb5 g6 4. O-O Bg7 5. Re1 Nf6 6. e5 Nd5 7. Nc3 Nc7 8.
Bxc6 dxc6 9. Ne4 Ne6 10. d3 O-O 11. Be3 b6 12. Qd2 Nd4 13. Nxd4 cxd4 14. Bh6 c5
15. h4 Qd5 16. Bxg7 Kxg7 17. Qg5 Qe6 18. a4 h6 19. Qg3 Qg4 20. a5 Qxg3 21. Nxg3
Be6 22. f4 b5 23. b3 Rac8 24. Ne4 c4 25. bxc4 bxc4 26. Kf2 Bd5 27. Ra4 Rfd8 28.
Re2 f5 29. exf6+ exf6 30. Nd2 c3 31. Nf3 Bxf3 32. Kxf3 Rd7 33. Re4 Rcd8 34. Rb4
f5 35. Re5 Kf6 36. g4 fxg4+ 37. Kxg4 Rd5 38. Rb5 Rxb5 39. Rxb5 Re8 40. Kf3 Re1
41. Rb7 Rc1 42. Ke4 Rxc2 43. Rxa7 Ra2 44. Ra6+ Kf7 45. Kxd4 c2 46. Rc6 Rxa5 47.
Rxc2 Rh5 48. Rh2 g5 49. Ke5 gxf4+ 50. Kxf4 Ke6 51. Re2+ Kf6 52. Kg4 Rd5 53.
Rf2+ Kg6 54. Rf3 Rd4+ 55. Kg3 Kh5 56. Kf2 Kxh4 57. Ke3 Rd8 58. d4 Kg4 59. Rf4+
Kg3 60. Rf5 Kg4 61. Rf7 Re8+ 62. Kd3 h5 63. d5 Re1 64. Kc4 Rc1+ 65. Kd4 Rd1+
66. Ke5 Re1+ 67. Kf6 Rf1+ 68. Ke6 Rxf7 69. Kxf7 1/2-1/2

[Event "Team men HL chess 2018"]
[Site "Sochi"]
[Date "2018.05.09"]
[Round "8.3"]
[White "Mamedov, Elmin"]
[Black "Burtasova, Anna"]
[Result "1/2-1/2"]
[WhiteElo "2179"]
[BlackElo "2276"]
[PlyCount "85"]
[EventDate "2018.05.01"]

1. Nf3 c5 2. b3 Nc6 3. Bb2 d5 4. e3 e6 5. Be2 Nf6 6. O-O Bd6 7. d4 O-O 8. c4
cxd4 9. Nxd4 Nxd4 10. Qxd4 e5 11. Qh4 Be6 12. Nc3 dxc4 13. Bxc4 Bxc4 14. Qxc4
Rc8 15. Qh4 Qa5 16. Ne4 Be7 17. Nxf6+ Bxf6 18. Qe4 b6 19. a4 Qd2 20. Bxe5 Rce8
21. Qd4 Qxd4 22. Bxd4 Bxd4 23. exd4 Re4 24. Rfd1 Rd8 25. Rac1 Kf8 26. d5 Ke7
27. Rc7+ Rd7 28. d6+ Ke6 29. g3 g6 30. Kg2 f5 31. h4 h5 32. Kf3 Rb4 33. Rd3
Rxd6 34. Re3+ Kf6 35. Rxa7 f4 36. Rc3 fxg3 37. fxg3 Ke5 38. Re7+ Kf6 39. Ra7
Rbd4 40. Re3 Rd1 41. a5 bxa5 42. Rxa5 Rb6 43. Ra2 1/2-1/2

[Event "Team men HL chess 2018"]
[Site "Sochi"]
[Date "2018.05.09"]
[Round "8.4"]
[White "Golubeva, Oksana"]
[Black "Utiatskaja, Irina"]
[Result "0-1"]
[WhiteElo "2177"]
[BlackElo "2159"]
[PlyCount "92"]
[EventDate "2018.05.01"]

1. c4 g6 2. Nc3 Bg7 3. e4 c5 4. d3 Nc6 5. Be3 d6 6. Qd2 a6 7. Be2 Nd4 8. Nf3
Nxe2 9. Nxe2 Bg4 10. Nc3 Bxf3 11. gxf3 Nf6 12. Ne2 O-O 13. Ng3 b5 14. O-O bxc4
15. dxc4 Nd7 16. f4 Nb8 17. Qd5 Nd7 18. e5 Nb6 19. Qe4 Qc7 20. Rad1 dxe5 21. f5
e6 22. fxg6 f5 23. Qh4 hxg6 24. Bh6 e4 25. b3 Rad8 26. Qg5 Bxh6 27. Qxh6 Qg7
28. Qg5 Nd7 29. Kg2 Nf6 30. Ne2 e5 31. Ng3 Rd3 32. Rxd3 exd3 33. f3 Re8 34. h4
e4 35. fxe4 Nxe4 36. Nxe4 Rxe4 37. Qd8+ Kh7 38. Qxd3 Rxh4 39. Kg3 Rg4+ 40. Kf2
Qb2+ 41. Ke3 Rg3+ 42. Rf3 Qc1+ 43. Ke2 Rg2+ 44. Rf2 Qb2+ 45. Kd1 Qxf2 46. Qd7+
Kh6 0-1